000 00472nam a2200169Ia 4500
005 20250423095336.0
008 250422s9999 xx 000 0 und d
020 _a9781931082891
050 _aPS 3511 .A86/
100 _aFaulkner, Williams
245 0 _aFaulkner Novels (1926 - 1929) : Soldiers pay. Mosquitoes. Flags in the dust. Sound and the fury.
260 _aNew York
260 _bThe Library of America
260 _c2006
300 _a1180 p
942 _cBK
999 _c29981
_d29981